| 000 | 01662nam a22003857a 4500 | ||
|---|---|---|---|
| 999 |
_c23495 _d23495 |
||
| 003 | AR-CdUCM | ||
| 008 | 260126b2024 pe ||||| |||| 00| 0 spa d | ||
| 020 | _a978-612-03-0440-2 | ||
| 040 |
_aMUNICIPALIDAD PROVINCIAL DEL CUSCO _cBIBLIOTECA MUNICIPAL DEL CUSCO |
||
| 041 | _hspa | ||
| 082 |
_a333.72 / _bM25 |
||
| 100 |
_aMaquera Hilario, Isidro _952196 |
||
| 245 |
_aCosmovisión Andina : _bRecuperando la Reciprocidad Andina en el Proceso de Aprendizaje / |
||
| 260 |
_aCusco : _bIsidro Maquera Hilario, _c2024. |
||
| 300 |
_a154 páginas. : _bilustraciones ; _c15 x 20 cm. |
||
| 500 | _zpáginas 149 - 153 | ||
| 505 | _acontenido: Reseña histórica cultural del centro poblado Umuto -- Marco histórico de la institución educativa -- La Cosmovisión Andina -- El Allin Kawsay o el Buen Vivir -- Principios -- La Pachamama -- La ceremonia de ofrenda -- Señas y señaleros naturales -- Tipos -- La iconografía en el arte textil -- La expresión artística del centro poblado.... | ||
| 650 |
_aProblematización _952197 |
||
| 650 |
_aAprendizajes _950961 |
||
| 650 |
_aEstrategias _913946 |
||
| 650 |
_aProtección de la tierra _952198 |
||
| 650 |
_aEl Ayllu _949800 |
||
| 650 |
_aDefinición _941732 |
||
| 650 |
_aAltomisayoq _952199 |
||
| 650 |
_aEl Panteísmo _952200 |
||
| 650 |
_aPaqarinas _952201 |
||
| 700 |
_aContreras Anaya, Wilberth _952202 |
||
| 700 |
_aHuamán Huamán, Yeni _952203 |
||
| 700 |
_aLoaiza Huillcahuaman, Rolando _952204 |
||
| 700 |
_aVargas Gallegos, Reynaldo _952205 |
||
| 700 |
_aYunguri Zárate, Martina _952206 |
||
| 700 |
_aWendy Gongora, Aranibar _952207 |
||
| 942 |
_2ddc _cLIBROS |
||
| 945 |
_ajmcs _d26/01/2026 |
||